Pozor na platby mobilom či hodinkami

Rozdiel v bezpečnosti online platieb nie je v tom, či ide o mobily, počítače alebo hodinky, ale v operačnom systéme a certifikátoch. Odborník upozorňuje aj na hrozby v podobe škodlivých webových stránok napodobňujúcich banky a platobné systémy.

Saved in:
Bibliographic Details
Format: Book Chapter
Language:Slovak
Subjects:
Tags: Add Tag
No Tags, Be the first to tag this record!

MARC

LEADER 00000naa a2200000 4500
001 0304908
005 20241104135357.6
041 0 |a slo 
044 |a SK 
245 1 0 |a Pozor na platby mobilom či hodinkami 
520 |a Rozdiel v bezpečnosti online platieb nie je v tom, či ide o mobily, počítače alebo hodinky, ale v operačnom systéme a certifikátoch. Odborník upozorňuje aj na hrozby v podobe škodlivých webových stránok napodobňujúcich banky a platobné systémy. 
610 2 0 |a platby elektronické 
610 2 0 |a obchod elektronický 
610 2 0 |a bezpečnosť elektronická 
610 2 0 |a systémy operačné 
610 2 0 |a certifikáty